00444 2200181 4500001002100000005001500021008004100036020002200077035001900099041000700118082000800125090001400133100001900147245002600166260004100192300002000233650000900253INLIS00000000000264820241224112557241224||||||||| | ||| |||| || |  a978-602-02-0004-0 0010-1224002648 aid0 a771 a771 WAH l0 aWahyu Dharsito00a50 Ide dan Resep Foto aJakartabElex Media Komputindoc2008 av+181 hlm;23 cm 0aSeni